| 000 | 00951nam a22002417a 4500 | ||
|---|---|---|---|
| 999 |
_c19316 _d19316 |
||
| 003 | AR-CdUCM | ||
| 008 | 190517b ||||| |||| 00| 0 spa d | ||
| 040 |
_aMUNICIPALIDAD PROVINCIAL DEL CUSCO _cBIBLIOTECA MUNICIPAL DEL CUSCO |
||
| 082 |
_a616 / _bZ76 |
||
| 100 |
_aZilboorg, Gregory _940583 |
||
| 245 | _aHistoria de la psicología medica/ | ||
| 260 |
_aBuenos Aires : _bPsique, _c1968. |
||
| 300 |
_a589 paginas ; _c21 cm. |
||
| 500 | _aTitulo original : A history of medical Psychology | ||
| 505 | _aContenido :Las psicologías medicas primitiva y oriental -- Los griegos y los romanos -- La gran decadencia -- El auge de la demonología -- Los martirizados de las brujas ... | ||
| 650 |
_aPsicología _91538 |
||
| 650 |
_aPsiquiatría _96305 |
||
| 650 |
_aRevolución psiquiátrica _940584 |
||
| 700 |
_aHenry, George W. _940585 |
||
| 700 |
_aQuintero, Vicente (Traducción) _940586 |
||
| 942 |
_2ddc _cLIBROS |
||
| 945 |
_awnts _d2019-05-17 |
||